000 00592nam a2200205Ia 4500
003 GCL
008 140319s9999 xx 000 0 ara d
040 _aGCL /
_cGCL
082 0 4 _a770
_bف ت
100 1 _aفيصل محمود
245 1 0 _aالتصوير الفوتوغرافى العادى والملون /
_cفيصل محمود
260 _a[S.N] :
_bدار الشروق
490 _a
650 0 4 _aالات التصوير
650 0 4 _aالتصوير الملون
650 0 4 _aالفن
650 0 4 _aالتصوير
650 0 4 _aالتصوير الضوئى
942 _2ddc
_cBK
999 _c30387
_d30387